00429nam a22001577a 4500003000400000082001700004100001800021245002800039260004500067300000700112650000800119653000800127942001200135952010700147999001700254SGT a617.63bO23N aNegi, Rachana aOral Submucous Fibrosis aGurugram, HaryanabSGT University c2023 a97 aOMR aOMR 2ddccTH 00102ddc4071aFDbFDd2024-01-23iSGTUl0o617.63 O23NpDT1777r2024-01-23 00:00:00w2024-01-23yTH c25628d25628